书目信息 |
| 题名: |
网络空间安全导论
|
|
| 作者: | 沈昌祥 , 左晓栋 编著 | |
| 分册: | ||
| 出版信息: | 北京 电子工业出版社 2018.04 |
|
| 页数: | 11, 281页 | |
| 开本: | 26cm | |
| 丛书名: | ||
| 单 册: | ||
| 中图分类: | TN915.08 | |
| 科图分类: | ||
| 主题词: | 网络安全--wang lao an quan--高等学校--教材 | |
| 电子资源: | ||
| ISBN: | 978-7-121-33243-2 | |
| 000 | 01374nam0 2200253 450 | |
| 001 | 0106081922 | |
| 005 | 20201106082048.0 | |
| 010 | @a978-7-121-33243-2@b精装@dCNY55.00 | |
| 100 | @a20180714e20192018em y0chiy50 ea | |
| 101 | 0 | @achi |
| 102 | @aCN@b110000 | |
| 105 | @aa z 000yy | |
| 106 | @ar | |
| 200 | 1 | @a网络空间安全导论@Awang luo kong jian an quan dao lun@f沈昌祥, 左晓栋编著 |
| 210 | @a北京@c电子工业出版社@d2018.04@h2019.11 | |
| 215 | @a11, 281页@c图@d26cm | |
| 300 | @a网络空间安全系列规划教材工业和信息产业科技与教育专著出版基金资助出版 | |
| 330 | @a本书系统地介绍了网络安全知识体系的各个方面,同时注重反映我国的治网主张和我国在网络安全领域的原创性技术。全书共10章,第1章从信息革命的背景切入,介绍了我国的网络强国战略;第2章侧重于介绍网络安全基础概念;第3-5章分别介绍了密码技术与应用、信息系统安全和可信计算技术,包括SM2、SM3、SM4密码算法和可信计算3.0等我国网络安全领域的重大原创性成果;第6章介绍了网络安全等级保护;第7-9章分别介绍了网络安全工程和管理、网络安全事件处置和灾难恢复,以及云计算安全、物联网安全、工控系统安全等面临的新安全威胁的应对;最后一章(第10章)介绍了网络安全法规和标准的相关概念及有关工作进展。 | |
| 606 | 0 | @a网络安全@Awang lao an quan@x高等学校@j教材 |
| 690 | @aTN915.08@v5 | |
| 701 | 0 | @a沈昌祥@Ashen chang xiang@4编著 |
| 701 | 0 | @a左晓栋@Azuo xiao dong@4编著 |
| 801 | 0 | @aCN@bBJSZM@c20201106 |
| 905 | @b1194756-9@dTN915.08@e226@f4 | |
| 网络空间安全导论/沈昌祥, 左晓栋编著.-北京:电子工业出版社,2018.04(2019.11) |
| 11, 281页:图;26cm |
| 网络空间安全系列规划教材工业和信息产业科技与教育专著出版基金资助出版 |
| ISBN 978-7-121-33243-2(精装):CNY55.00 |
| 本书系统地介绍了网络安全知识体系的各个方面,同时注重反映我国的治网主张和我国在网络安全领域的原创性技术。全书共10章,第1章从信息革命的背景切入,介绍了我国的网络强国战略;第2章侧重于介绍网络安全基础概念;第3-5章分别介绍了密码技术与应用、信息系统安全和可信计算技术,包括SM2、SM3、SM4密码算法和可信计算3.0等我国网络安全领域的重大原创性成果;第6章介绍了网络安全等级保护;第7-9章分别介绍了网络安全工程和管理、网络安全事件处置和灾难恢复,以及云计算安全、物联网安全、工控系统安全等面临的新安全威胁的应对;最后一章(第10章)介绍了网络安全法规和标准的相关概念及有关工作进展。 |
| ● |
| 相关链接 |
|
|
|
|
正题名:网络空间安全导论
索取号:TN915.08/226
 
预约/预借
| 序号 | 登录号 | 条形码 | 馆藏地/架位号 | 状态 | 备注 |
| 1 | 1194756 | 211947562 | 第二样本阅览室/ [索取号:TN915.08/226] | 在馆 | |
| 2 | 1194757 | 211947571 | 第三借阅区/ [索取号:TN915.08/226] | 在馆 | |
| 3 | 1194758 | 211947580 | 第三借阅区/ [索取号:TN915.08/226] | 在馆 | |
| 4 | 1194759 | 211947599 | 第三借阅区/ [索取号:TN915.08/226] | 在馆 |